000 00692nam a2200181Ia 4500
008 151018s9999 xx 000 0 und d
082 _bRBASDV50383
_a801.95
100 _aमहेंद्र मित्तल
245 _aनरेश मेहता के उपन्योसों में
250 _b1
260 _bआयुष्य
_c2009
300 _a405
600 _aमहेंद्र मित्तल
630 _aनरेश मेहता के उपन्योसों में
700 _aमहेंद्र मित्तल
730 _aनरेश मेहता के उपन्योसों में
942 _cBOOK
999 _c1049353
_d1049350